| 000 | 00617nam a22002057a 4500 | ||
|---|---|---|---|
| 001 | 84295 | ||
| 003 | BD-RjUL | ||
| 005 | 20241113125544.0 | ||
| 008 | 241113s1912 bg ||||| |||| 00| 0 ara d | ||
| 035 | _a(BD-RjUL)84295 | ||
| 040 |
_aBD-RjUL _beng _cBD-RjUL |
||
| 041 | _aurd | ||
| 082 |
_223 _a892.75 _bRAM 1912 |
||
| 245 |
_aمبادی العربیہ فی الصرف والنحو ;; Mabadi al-Arabiya fi al-Saraf wa al Nahu / _cرشید الرلونی ;; Rashidur Ralawni |
||
| 260 |
_aDhaka : _bArafat Pub, _c1921 |
||
| 300 |
_aV. , _c22 cm |
||
| 505 | _aVol. 4.-- | ||
| 650 | _aArabic Grammar | ||
| 942 |
_2ddc _cBK |
||
| 999 |
_c84295 _d84295 |
||